France - Décodeur - Statistiques

Statistiques générales
  • Ce quiz a été pris 498 fois
  • Le résultat moyen est 15 sur 18
Statistiques - réponses
Piste Réponse % Correct
E Monnaie utilisée en France Euro
98%
X Le Roi Soleil était-il Louis le... ? (chiffres romains) XIV°
96%
E Palais servant de résidence officielle au président Élysée
95%
É Pâtisserie allongée, souvent nappée de chocolat Éclair
94%
E La Grande "Tour", emblème de Paris Eiffel
94%
P Elles séparent la France de l'Espagne Pyrénées
92%
H L'auteur de "Notre-Dame de Paris" (nom de famille) Hugo
90%
G Région d'outre-mer dont la capitale est Basse-Terre Guadeloupe
89%
N Général, consul et empereur de France (nom) Napoléon
89%
R Marque automobile fondée par trois frères en 1899 Renault
89%
L Région historique dont Metz est la plus grande ville Lorraine
84%
A Les papes ont résidé dans cette ville de 1309 à 1377 Avignon
82%
O Langue parlée dans le sud de la France Occitan
80%
U Becquerel en a décrit les propriétés radioactives Uranium
78%
O Ville d'origine de la dynastie du roi Louis-Philippe Orléans
72%
N Région du nord dont le nom vient des Vikings Normandie
71%
E Le département où se trouve l'École polytechnique Essonne
67%
L'Hexagone européen
61%
Aucun quiz correspondant
Distribution des résultats
% des personnes avec chaque résultat
Percentile par nombre de réponses
Votre historique - résultats
Vous n’avez pas pris ce quiz